000 00704nam a2200205 a 4500
008 120416s1984 ||||||||||||||||| || u
020 _a0256029784
050 _aHF 5635 Pyl
100 _aLarson, Kermit D
245 1 0 _aFundamental Accounting principles (4th ed.)
250 _a4th Canadian ed.
260 _aHomewood, Ill.:
_bR.D. Irwin
_c1984
300 _axvii, 1075p. : ill.
350 _a0.00
650 _aTEXTBOOKS--TEXTBOOKS
650 _aTEXTBOOKS--TEXTBOOKS PRINCIPLES
700 _aZin, Michael
700 _aPyle, William W
995 _D0.00
_FCBU-MAIN LIBRARY (Kitwe)
_H1
_I49.50
_M1
_UAVAILABLE
_ZAnnex Low-Usage Collection
999 _c44100
_d44100